000 00545nam a2200181Ia 4500
003 GCL
008 140319s9999 xx 000 0 ara d
040 _aGCL /
_cGCL
082 0 4 _a301.242
_bه ع
100 1 _aهدى مكاوى
245 1 0 _aالعراق تحت الحصار : يوميات صحفية مصرية داخل العراق المحاصر /
_cهدى مكاوى
300 _a136 ص
490 _a100 قصة
_v0
650 0 4 _aالعراق
650 0 4 _aالتغير الاجتماعى
650 0 4 _aمقالات
942 _2ddc
_cBK
999 _c43987
_d43987